[Event "Pere Noel"]
[Site "Montreal CAN"]
[Date "2014.12.27"]
[Round "2"]
[White "Abreu Cordero, Jose"]
[Black "Dia, Jack"]
[Result "1-0"]
[WhiteElo "2102"]
[BlackElo "1882"]
[PlyCount "91"]
[EventDate "2014.12.26"]
[EventType "swiss"]
[EventRounds "5"]
[EventCountry "CAN"]

1. e4 e6 2. d4 d5 3. Nd2 dxe4 4. Nxe4 Bd7 5. Nf3 Bc6 6. Bd3 Bxe4 7. Bxe4 c6 8.
O-O Nf6 9. Bd3 Be7 10. Qe2 O-O 11. Rd1 g6 12. c4 Re8 13. Bg5 Nbd7 14. Bc2 Nh5
15. Bd2 Nf8 16. g3 Qb6 17. Bc3 Bf6 18. a4 a5 19. Ne5 Bg7 20. Qe3 Nf6 21. Qf3
N8d7 22. Nd3 Qc7 23. Re1 Rad8 24. Re2 Nf8 25. Rae1 Nh5 26. Ne5 Nf6 27. b3 Ra8
28. Rd1 N8d7 29. Nd3 Nf8 30. Bd2 N8d7 31. Bf4 Qb6 32. Ne5 Rad8 33. Bg5 Ra8 34.
g4 Rf8 35. Bxf6 Nxf6 36. g5 Nh5 37. Nd7 Qc7 38. Nxf8 Rxf8 39. Qg4 Rd8 40. Re4
Bh8 41. Qf3 Qe7 42. Qe3 Qa3 43. d5 Ng7 44. Qb6 Rd7 45. dxc6 Rxd1+ 46. Bxd1 1-0

[Event "Pere Noel"]
[Site "Montreal CAN"]
[Date "2014.12.27"]
[Round "2"]
[White "Caceres Cortes, Julio"]
[Black "Gachet, Sebastien"]
[Result "0-1"]
[WhiteElo "1961"]
[BlackElo "2293"]
[PlyCount "116"]
[EventDate "2014.12.26"]
[EventType "swiss"]
[EventRounds "5"]
[EventCountry "CAN"]

1. e4 c5 2. Nf3 g6 3. Nc3 Bg7 4. d3 Nc6 5. g3 e6 6. Bg2 Nge7 7. Bf4 e5 8. Bg5
O-O 9. Qd2 d6 10. O-O Bg4 11. Kh1 Qd7 12. Ng1 Be6 13. a3 Nd4 14. Rab1 f6 15.
Be3 Rac8 16. f3 d5 17. f4 exf4 18. gxf4 f5 19. e5 Nxc2 20. Qxc2 d4 21. Bf2 dxc3
22. bxc3 b6 23. Nf3 Nd5 24. Qd2 h6 25. Rg1 c4 26. d4 Kh7 27. Nh4 Ne7 28. Rbd1
Bd5 29. Be3 Rc6 30. Qf2 Rg8 31. Nf3 Rb8 32. Qh4 Kg8 33. Qe1 Re6 34. Rb1 Be4 35.
Ra1 b5 36. Bd2 Bf8 37. h3 Kf7 38. Kh2 Nd5 39. Qh4 Qd8 40. Qxd8 Rxd8 41. Nh4
Bxg2 42. Rxg2 Be7 43. Nf3 a5 44. Kg3 Rb8 45. Be1 g5 46. Bd2 gxf4+ 47. Kf2 Rg8
48. Rxg8 Kxg8 49. Rb1 Rb6 50. e6 b4 51. axb4 axb4 52. Ne5 Rxe6 53. Nxc4 bxc3
54. Bc1 Re4 55. Rb8+ Kg7 56. Rb7 Rxd4 57. Nd6 Kg6 58. Nb5 Rd1 0-1

[Event "Pere Noel"]
[Site "Montreal CAN"]
[Date "2014.12.27"]
[Round "2"]
[White "Destree, Frederic"]
[Black "Nica, Ion"]
[Result "1/2-1/2"]
[WhiteElo "1879"]
[BlackElo "1670"]
[PlyCount "88"]
[EventDate "2014.12.26"]
[EventType "swiss"]
[EventRounds "5"]
[EventCountry "CAN"]

1. Nf3 d5 2. g3 Nf6 3. Bg2 c6 4. O-O Bf5 5. d3 h6 6. Nbd2 Nbd7 7. b3 e5 8. Bb2
Bd6 9. c4 d4 10. Qc2 Qb6 11. a3 c5 12. e3 O-O 13. exd4 exd4 14. b4 cxb4 15.
Nxd4 Bh7 16. axb4 Bxb4 17. N4b3 a5 18. Bd4 Qc7 19. Nf3 a4 20. Nc1 a3 21. Qb3
Bc5 22. Rd1 Bxd4 23. Nxd4 Nc5 24. Qb4 Ra4 25. Qc3 Qa5 26. Qxa5 Rxa5 27. Nb5 a2
28. Rxa2 Rxa2 29. Nxa2 Bxd3 30. Nd6 b6 31. Nb4 Bg6 32. Nc6 Kh7 33. Ra1 Nfe4 34.
Nxe4 Bxe4 35. Bxe4+ Nxe4 36. Rb1 Nd2 37. Rxb6 Nxc4 38. Rb7 Nd6 39. Rd7 Nc8 40.
f4 Nb6 41. Rb7 Nc8 42. Kf2 Nd6 43. Rd7 Ne4+ 44. Kf3 Nf6 1/2-1/2

[Event "Pere Noel"]
[Site "Montreal CAN"]
[Date "2014.12.27"]
[Round "2"]
[White "Durette, Francis"]
[Black "Dumouchel, Alain"]
[Result "1/2-1/2"]
[WhiteElo "1750"]
[BlackElo "1903"]
[PlyCount "46"]
[EventDate "2014.12.26"]
[EventType "swiss"]
[EventRounds "5"]
[EventCountry "CAN"]

1. e4 c5 2. Nf3 d6 3. d4 cxd4 4. Nxd4 Nf6 5. Nc3 g6 6. Be3 Bg7 7. f3 O-O 8. Qd2
Nc6 9. O-O-O Nxd4 10. Bxd4 Be6 11. Kb1 Rc8 12. g4 a6 13. h4 Qa5 14. Nd5 Qxd2
15. Nxe7+ Kh8 16. Rxd2 Rcd8 17. Bxf6 Bxf6 18. Nd5 Bxd5 19. Rxd5 Be5 20. a3 Rc8
21. Bh3 Kg7 22. h5 g5 23. Bg2 Rc6 1/2-1/2

[Event "Pere Noel"]
[Site "Montreal CAN"]
[Date "2014.12.27"]
[Round "2"]
[White "Forget, Luc"]
[Black "Luo, Alan"]
[Result "0-1"]
[WhiteElo "1933"]
[BlackElo "1692"]
[PlyCount "74"]
[EventDate "2014.12.26"]
[EventType "swiss"]
[EventRounds "5"]
[EventCountry "CAN"]

1. d4 d5 2. c4 e6 3. Nc3 c5 4. cxd5 cxd4 5. Qxd4 exd5 6. Qxd5 Qxd5 7. Nxd5 Bd6
8. e4 Nc6 9. Nf3 Be6 10. Bb5 O-O-O 11. O-O Bxd5 12. exd5 Nb4 13. Bg5 f6 14. Be3
Kb8 15. Bc4 Ne7 16. Rfd1 Bc7 17. Bc5 Nbxd5 18. Nd4 Bb6 19. Ne6 Bxc5 20. Nxc5
Nb6 21. Bb3 Rc8 22. Ne6 g6 23. h3 Nf5 24. Rd3 Nc4 25. Bxc4 Rxc4 26. Rad1 Rhc8
27. Rd8 Rxd8 28. Rxd8+ Rc8 29. Rd7 Re8 30. Nc5 b6 31. Na6+ Kc8 32. Rxa7 Re1+
33. Kh2 Re2 34. b4 Rxa2 35. Ra8+ Kb7 36. Rb8+ Ka7 37. b5 Rxa6 0-1

[Event "Pere Noel"]
[Site "Montreal CAN"]
[Date "2014.12.27"]
[Round "2"]
[White "Gunapalan, David"]
[Black "Villeneuve, Benoit"]
[Result "1-0"]
[WhiteElo "1887"]
[BlackElo "1726"]
[PlyCount "57"]
[EventDate "2014.12.26"]
[EventType "swiss"]
[EventRounds "5"]
[EventCountry "CAN"]

1. e4 c5 2. Nc3 e6 3. Bc4 d6 4. f4 Nf6 5. d3 a6 6. a4 Nc6 7. Nf3 Be7 8. O-O O-O
9. Qe1 d5 10. Bb3 Nb4 11. e5 Ne8 12. a5 Bd7 13. Kh1 b5 14. axb6 Qxb6 15. Qd1 f5
16. exf6 Nxf6 17. Ne5 Be8 18. f5 Bd6 19. Ng4 Bd7 20. Nxf6+ Rxf6 21. Bg5 Rff8
22. Qe2 Rae8 23. fxe6 Bxe6 24. Rxf8+ Bxf8 25. Nxd5 Qb8 26. Ne7+ Bxe7 27. Qxe6+
Kh8 28. Bxe7 Qb7 29. Rf1 1-0

[Event "Pere Noel"]
[Site "Montreal CAN"]
[Date "2014.12.27"]
[Round "2"]
[White "Leblanc-Legault, Mathieu"]
[Black "Simard, Francois"]
[Result "1-0"]
[WhiteElo "1590"]
[BlackElo "1872"]
[PlyCount "93"]
[EventDate "2014.12.26"]
[EventType "swiss"]
[EventRounds "5"]
[EventCountry "CAN"]

1. d4 d5 2. c4 e6 3. Nf3 Nf6 4. Nc3 c6 5. cxd5 cxd5 6. Bf4 Qa5 7. a3 Ne4 8. Rc1
Nc6 9. e3 Bxa3 10. Qa4 Bxb2 11. Qxa5 Nxa5 12. Bb5+ Nc6 13. Nxd5 exd5 14. Rxc6
bxc6 15. Bxc6+ Bd7 16. Bxa8 Bc3+ 17. Kf1 Bb5+ 18. Kg1 Bc4 19. Ne5 O-O 20. f3
Rxa8 21. fxe4 a5 22. Kf2 a4 23. exd5 Bxd5 24. Nd7 a3 25. Nb6 Ra5 26. Rc1 g5 27.
Nxd5 Bb2 28. Rc8+ Kg7 29. Be5+ f6 30. Bxf6+ Kg6 31. Rg8+ Kf7 32. Rg7+ Ke6 33.
Re7+ Kd6 34. Nb4 Rb5 35. Na2 Rf5+ 36. Ke2 Rxf6 37. Rxh7 Kd5 38. Rg7 Kc4 39. Rb7
Re6 40. Rb4+ Kd5 41. Kd3 Rf6 42. e4+ Kc6 43. Rc4+ Kb5 44. Rc5+ Ka4 45. Kc4 Rf2
46. Rxg5 Bc1 47. Nc3# 1-0

[Event "Pere Noel"]
[Site "Montreal CAN"]
[Date "2014.12.27"]
[Round "2"]
[White "Luo, Zhao Yang"]
[Black "Goldner, John"]
[Result "1-0"]
[WhiteElo "2096"]
[BlackElo "1782"]
[PlyCount "61"]
[EventDate "2014.12.26"]
[EventType "swiss"]
[EventRounds "5"]
[EventCountry "CAN"]

1. d4 d5 2. Nf3 e6 3. e3 Nf6 4. Bd3 Be7 5. O-O O-O 6. b3 Nbd7 7. Bb2 c5 8. Nbd2
b6 9. Ne5 Bb7 10. Qf3 Qc7 11. Qh3 Nxe5 12. dxe5 Ne4 13. f3 Ng5 14. Qg4 h6 15.
h4 Nh7 16. f4 Qd8 17. Rf3 Kh8 18. f5 exf5 19. Qxf5 g6 20. Qf4 d4 21. Rh3 dxe3
22. Qxe3 c4 23. e6+ f6 24. Qxh6 cxd3 25. Rxd3 Bc5+ 26. Kh1 Qe8 27. Rd7 Be7 28.
Rxb7 Rd8 29. Ba3 Rxd2 30. Rxe7 Qxe7 31. Bxe7 1-0

[Event "Pere Noel"]
[Site "Montreal CAN"]
[Date "2014.12.27"]
[Round "2"]
[White "Nunez, Omar"]
[Black "Prahov, Valentin"]
[Result "0-1"]
[WhiteElo "2034"]
[BlackElo "2243"]
[PlyCount "110"]
[EventDate "2014.12.26"]
[EventType "swiss"]
[EventRounds "5"]
[EventCountry "CAN"]

1. f4 d5 2. Nf3 Nf6 3. g3 g6 4. Bg2 Bg7 5. O-O O-O 6. c3 b6 7. Ne5 Bb7 8. d3
Nbd7 9. e3 c5 10. Nd2 Qc7 11. Ndf3 Rad8 12. Qe2 Nxe5 13. Nxe5 Nd7 14. Nxd7 Qxd7
15. Bd2 Ba6 16. a4 Qf5 17. e4 dxe4 18. Bxe4 Bxd3 19. Bxd3 Qxd3 20. Rf2 Rd7 21.
Re1 Rfd8 22. Be3 Qxe2 23. Rfxe2 e6 24. a5 Rd1 25. Kf2 Kf8 26. axb6 axb6 27. Kf3
Ke7 28. g4 R8d3 29. Rxd1 Rxd1 30. f5 Kd6 31. fxe6 fxe6 32. Ke4 Rd5 33. Rf2 Ke7
34. h4 b5 35. Bg5+ Ke8 36. Bf4 b4 37. Bd2 bxc3 38. Bxc3 Bd4 39. Rf3 Ke7 40. Rh3
Kd6 41. Rf3 Re5+ 42. Kf4 h6 43. Rd3 g5+ 44. hxg5 hxg5+ 45. Kf3 Kd5 46. b3 Re4
47. Bd2 Re5 48. Bc3 Re4 49. Bd2 e5 50. Bxg5 Re1 51. Kg2 e4 52. Rh3 e3 53. Kf3
Rf1+ 54. Ke2 Rf2+ 55. Kd3 Rd2# 0-1

[Event "Pere Noel"]
[Site "Montreal CAN"]
[Date "2014.12.27"]
[Round "2"]
[White "Ouellet, Maili-Jade"]
[Black "Larochelle, Martial"]
[Result "1-0"]
[WhiteElo "1945"]
[BlackElo "2173"]
[PlyCount "99"]
[EventDate "2014.12.26"]
[EventType "swiss"]
[EventRounds "5"]
[EventCountry "CAN"]

1. d4 f5 2. c4 Nf6 3. g3 g6 4. Bg2 Bg7 5. Nf3 d6 6. Nc3 O-O 7. O-O Qe8 8. Re1
Qf7 9. Qd3 Ne4 10. Nxe4 fxe4 11. Qxe4 Qxc4 12. Qxe7 Bg4 13. b3 Qc2 14. Be3 Nc6
15. Qh4 Qf5 16. Rad1 Nb4 17. h3 Bxf3 18. Bxf3 d5 19. Qg5 Qxg5 20. Bxg5 Rf5 21.
Be7 Nc2 22. Bg4 Nxe1 23. Bxf5 gxf5 24. Rxe1 Re8 25. Bb4 Bxd4 26. Rd1 Bb6 27.
Rxd5 Rxe2 28. Rxf5 Rxa2 29. h4 a5 30. Be7 Re2 31. Bg5 Kg7 32. Kf1 Ra2 33. h5
Bd4 34. Be7 Kg8 35. h6 Rxf2+ 36. Rxf2 Bxf2 37. Kxf2 b5 38. Bd8 a4 39. bxa4 bxa4
40. Bxc7 Kf7 41. Be5 Kg6 42. Bg7 Kf5 43. Kf3 Kg5 44. Bf8 Kf5 45. g4+ Kg5 46.
Kg3 Kg6 47. Kh4 a3 48. Bxa3 Kxh6 49. Bb2 Kg6 50. Bc1 1-0

[Event "Pere Noel"]
[Site "Montreal CAN"]
[Date "2014.12.27"]
[Round "2"]
[White "Sprumont, Oscar"]
[Black "Masse, Hugues"]
[Result "1/2-1/2"]
[WhiteElo "2084"]
[BlackElo "2315"]
[PlyCount "88"]
[EventDate "2014.12.26"]
[EventType "swiss"]
[EventRounds "5"]
[EventCountry "CAN"]

1. Nf3 Nf6 2. c4 c5 3. Nc3 Nc6 4. d4 cxd4 5. Nxd4 e6 6. Ndb5 Bc5 7. Nd6+ Ke7 8.
Nce4 Bb4+ 9. Bd2 Nxe4 10. Nxe4 d5 11. Bxb4+ Nxb4 12. a3 Nc6 13. cxd5 exd5 14.
Ng3 Re8 15. Qd3 Qa5+ 16. Qd2 Qxd2+ 17. Kxd2 d4 18. Re1 Be6 19. e4 dxe3+ 20.
Rxe3 Kf8 21. Bd3 Bd5 22. Rxe8+ Rxe8 23. f3 Ne5 24. Be4 Bxe4 25. Nxe4 f5 26. Nc3
Nc4+ 27. Kc1 Rc8 28. a4 Ne3 29. g3 Nd5 30. Kd2 Nxc3 31. bxc3 b6 32. Re1 Rc5 33.
Kc2 Kf7 34. Kb3 Rd5 35. Kc2 Ra5 36. Kb3 Rd5 37. Kc2 f4 38. Re4 fxg3 39. hxg3 h5
40. f4 g5 41. fxg5 Rxg5 42. Re3 Kf6 43. c4 Ra5 44. Kb3 Rg5 1/2-1/2

[Event "Pere Noel"]
[Site "Montreal CAN"]
[Date "2014.12.27"]
[Round "2"]
[White "Steinberg, Ellis"]
[Black "Perna-Fraser, David"]
[Result "1/2-1/2"]
[WhiteElo "1882"]
[BlackElo "1909"]
[PlyCount "37"]
[EventDate "2014.12.26"]
[EventType "swiss"]
[EventRounds "5"]
[EventCountry "CAN"]

1. e4 e5 2. Nf3 Nf6 3. d3 Nc6 4. c3 d5 5. Nbd2 dxe4 6. dxe4 Bc5 7. Bb5 O-O 8.
O-O Qe7 9. Qc2 Nd8 10. b4 Bb6 11. Nc4 c6 12. Nxb6 axb6 13. Bc4 Bg4 14. Nh4 b5
15. Bb3 Nh5 16. Nf5 Qf6 17. Be3 Nf4 18. f3 Bxf5 19. exf5 1/2-1/2

[Event "Pere Noel"]
[Site "Montreal CAN"]
[Date "2014.12.27"]
[Round "2"]
[White "Struben, Jeroen"]
[Black "Yao, Sammy"]
[Result "0-1"]
[WhiteElo "1719"]
[BlackElo "1882"]
[PlyCount "94"]
[EventDate "2014.12.26"]
[EventType "swiss"]
[EventRounds "5"]
[EventCountry "CAN"]

1. d4 Nf6 2. c4 g6 3. g3 Bg7 4. Bg2 d6 5. Nc3 O-O 6. Nf3 Nbd7 7. O-O e5 8. e4
exd4 9. Nxd4 Re8 10. h3 a6 11. Be3 Rb8 12. Rb1 Ne5 13. b3 c5 14. Nde2 b5 15. f4
Ned7 16. Qxd6 b4 17. e5 bxc3 18. Nxc3 Nh5 19. g4 Bf8 20. Qd3 Ng7 21. Rbd1 Qc7
22. Nd5 Qa5 23. Rf2 Kh8 24. Bd2 Qxa2 25. Nb4 cxb4 26. Bxb4 Qxf2+ 27. Kxf2 Rxb4
28. Bc6 Nc5 29. Qc2 Re6 30. Rd8 Kg8 31. Rxc8 Rxb3 32. Bd5 Rb2 33. Qxb2 Nd3+ 34.
Ke3 Nxb2 35. Bxe6 Nxe6 36. f5 Nc5 37. Kd4 a5 38. f6 a4 39. Ra8 a3 40. Kc3 Ncd3
41. Kd4 Nb4 42. c5 h6 43. Kc3 N2d3 44. Rxa3 Nxc5 45. Ra8 Nd7 46. Kd4 Nc6+ 47.
Kd5 Nb6+ 0-1

[Event "Pere Noel"]
[Site "Montreal CAN"]
[Date "2014.12.27"]
[Round "2"]
[White "Voskanyan, Vahagn"]
[Black "Li, Yi Lin"]
[Result "1-0"]
[WhiteElo "2245"]
[BlackElo "1830"]
[PlyCount "166"]
[EventDate "2014.12.26"]
[EventType "swiss"]
[EventRounds "5"]
[EventCountry "CAN"]

1. Nf3 d5 2. d4 c6 3. c4 e6 4. e3 f5 5. Ne5 Nf6 6. Be2 Bb4+ 7. Bd2 Bxd2+ 8.
Nxd2 O-O 9. O-O Nbd7 10. Nxd7 Bxd7 11. Qc2 Qe7 12. Rab1 Kh8 13. b4 Rac8 14. a4
Ne4 15. Nf3 Rf6 16. Ne5 Nd6 17. c5 Nf7 18. f4 Nxe5 19. fxe5 Rg6 20. Bd3 Qh4 21.
Rf4 Rg4 22. Rxg4 Qxg4 23. Qf2 Kg8 24. b5 Qg5 25. a5 cxb5 26. Bxb5 Bxb5 27. Rxb5
Qe7 28. Qb2 Rc7 29. a6 bxa6 30. Rb8+ Kf7 31. Qe2 Qg5 32. h3 h5 33. Rb3 Qh4 34.
Kh2 Qg5 35. Qf2 h4 36. Qf4 Qe7 37. Qf3 Qg5 38. Ra3 Rc6 39. Ra2 Ke7 40. g3 hxg3+
41. Qxg3 Qxg3+ 42. Kxg3 Kf7 43. Rb2 Rc7 44. h4 Kg6 45. Rb8 Re7 46. Kf4 Rc7 47.
Rh8 a5 48. h5+ Kf7 49. Rb8 a4 50. Rb4 a5 51. Rb5 Ra7 52. Rb2 Ke7 53. Ra2 Kd7
54. Kf3 Kc6 55. Ke2 Kb5 56. Kd3 Ra8 57. Rb2+ Kc6 58. Rb6+ Kc7 59. Rxe6 Rb8 60.
Kc2 Rh8 61. Ra6 Rxh5 62. Rxa5 Rh2+ 63. Kc3 Re2 64. Rxa4 Rxe3+ 65. Kd2 Rg3 66.
Ra7+ Kd8 67. e6 f4 68. Rd7+ Ke8 69. c6 Rg2+ 70. Ke1 f3 71. c7 Rc2 72. Rd8+ Ke7
73. c8=Q Rxc8 74. Rxc8 Kxe6 75. Kf2 Kf5 76. Kxf3 g5 77. Re8 g4+ 78. Kg3 Kf6 79.
Kxg4 Kf7 80. Re5 Kf6 81. Rxd5 Ke6 82. Re5+ Kd6 83. Rf5 Kc6 1-0

[Event "Pere Noel"]
[Site "Montreal CAN"]
[Date "2014.12.27"]
[Round "2"]
[White "Weston, Paul"]
[Black "Brassard, Sylvain"]
[Result "1-0"]
[WhiteElo "1909"]
[BlackElo "1800"]
[PlyCount "49"]
[EventDate "2014.12.26"]
[EventType "swiss"]
[EventRounds "5"]
[EventCountry "CAN"]

1. f4 b6 2. Nf3 Nf6 3. e3 Bb7 4. b3 c5 5. Bb2 e6 6. Nc3 d5 7. Ne2 Bd6 8. Ng3
Qe7 9. Bd3 Nbd7 10. O-O O-O 11. Nh4 g6 12. Qe1 e5 13. Ngf5 Qe6 14. Nxd6 Qxd6
15. fxe5 Nxe5 16. Qg3 Rae8 17. Nf5 Qe6 18. Qxe5 Qxe5 19. Bxe5 Rxe5 20. Nd6 Ne8
21. Nxb7 c4 22. bxc4 Re7 23. Nd8 dxc4 24. Bxc4 Nd6 25. Nc6 1-0

[Event "Pere Noel"]
[Site "Montreal CAN"]
[Date "2014.12.27"]
[Round "2"]
[White "Yu, Zong Yang"]
[Black "Heredia, Jose"]
[Result "1-0"]
[WhiteElo "2360"]
[BlackElo "1943"]
[PlyCount "65"]
[EventDate "2014.12.26"]
[EventType "swiss"]
[EventRounds "5"]
[EventCountry "CAN"]

1. Nf3 Nf6 2. d4 d5 3. c4 c6 4. Nc3 e6 5. cxd5 exd5 6. Qc2 Bd6 7. Bg5 O-O 8. e3
h6 9. Bh4 Nbd7 10. Bd3 Re8 11. O-O Qc7 12. Rfc1 a6 13. Rab1 g5 14. Bg3 Bxg3 15.
hxg3 Qd6 16. b4 Ng4 17. e4 dxe4 18. Nxe4 Rxe4 19. Bxe4 Ndf6 20. Bf5 Qd5 21.
Bxc8 Rxc8 22. Re1 Re8 23. Rxe8+ Nxe8 24. Re1 Nd6 25. Qc5 Kg7 26. Qxd5 cxd5 27.
Re7 Kf6 28. Rc7 Ke6 29. Ne1 Nf6 30. Nd3 b6 31. Rc6 Nd7 32. Nc5+ bxc5 33. bxc5
1-0

[Event "Pere Noel"]
[Site "Montreal CAN"]
[Date "2014.12.27"]
[Round "2"]
[White "Zhu, Hong Rui"]
[Black "Gauthier, Denis"]
[Result "0-1"]
[WhiteElo "2174"]
[BlackElo "1954"]
[PlyCount "52"]
[EventDate "2014.12.26"]
[EventType "swiss"]
[EventRounds "5"]
[EventCountry "CAN"]

1. e4 e5 2. Nf3 Nc6 3. d4 exd4 4. Bc4 Bc5 5. c3 Nf6 6. cxd4 Bb4+ 7. Bd2 Bxd2+
8. Nbxd2 d5 9. exd5 Nxd5 10. Qb3 Na5 11. Qa4+ Nc6 12. Ne5 O-O 13. Bxd5 Nxe5 14.
dxe5 Qxd5 15. Nf3 Bd7 16. Qf4 Bb5 17. Qd4 Qc6 18. Rd1 Rad8 19. Qb4 Rxd1+ 20.
Kxd1 Rd8+ 21. Nd2 Qxg2 22. Re1 Qxf2 23. e6 fxe6 24. Rxe6 Qf1+ 25. Kc2 Qf5+ 26.
Qe4 Bd3+ 0-1

[Event "Pere Noel"]
[Site "Montreal CAN"]
[Date "2014.12.28"]
[Round "3"]
[White "Abreu Cordero, Jose"]
[Black "Yu, Zong Yang"]
[Result "0-1"]
[WhiteElo "2102"]
[BlackElo "2360"]
[PlyCount "42"]
[EventDate "2014.12.26"]
[EventType "swiss"]
[EventRounds "5"]
[EventCountry "CAN"]

1. e4 c5 2. Nf3 d6 3. d4 cxd4 4. Nxd4 Nf6 5. Nc3 Nc6 6. Be3 Ng4 7. Qd2 Nxe3 8.
Qxe3 g6 9. Nxc6 bxc6 10. Qd4 e5 11. Qa4 Bd7 12. O-O-O Qb6 13. f3 Rb8 14. Qb3
Qe3+ 15. Kb1 Rxb3 16. axb3 Qf2 17. Be2 Qxg2 18. h4 Qf2 19. h5 g5 20. Rhf1 Qb6
21. Bc4 Be7 0-1

[Event "Pere Noel"]
[Site "Montreal CAN"]
[Date "2014.12.28"]
[Round "3"]
[White "Brassard, Sylvain"]
[Black "Struben, Jeroen"]
[Result "0-1"]
[WhiteElo "1800"]
[BlackElo "1719"]
[PlyCount "70"]
[EventDate "2014.12.26"]
[EventType "swiss"]
[EventRounds "5"]
[EventCountry "CAN"]

1. d4 Nf6 2. Bg5 Ne4 3. Bf4 c5 4. f3 Qa5+ 5. c3 Nf6 6. Nd2 cxd4 7. Nb3 Qd8 8.
cxd4 d5 9. Qc2 Nc6 10. e4 e6 11. a3 Bd7 12. e5 Nh5 13. Be3 Rc8 14. Qd2 g6 15.
g4 Ng7 16. Bg5 Be7 17. Bxe7 Qxe7 18. Qh6 O-O 19. Nh3 f6 20. exf6 Rxf6 21. Ng5
Nf5 22. gxf5 Rxf5 23. Nc5 Rxg5 24. Nxd7 Rh5 25. Qe3 Qxd7 26. f4 Qe7 27. Be2 Rf5
28. h4 Rcf8 29. h5 Rxf4 30. hxg6 hxg6 31. Qh3 Kf7 32. Qh7+ Ke8 33. Qxg6+ Kd8
34. Rh7 R4f6 35. Rxe7 Rxg6 0-1

[Event "Pere Noel"]
[Site "Montreal CAN"]
[Date "2014.12.28"]
[Round "3"]
[White "Dia, Jack"]
[Black "Durette, Francis"]
[Result "1/2-1/2"]
[WhiteElo "1882"]
[BlackElo "1750"]
[PlyCount "63"]
[EventDate "2014.12.26"]
[EventType "swiss"]
[EventRounds "5"]
[EventCountry "CAN"]

1. Nf3 Nf6 2. d4 e6 3. c4 d5 4. Nc3 c6 5. e3 Nbd7 6. Qc2 Bd6 7. b3 O-O 8. Be2
b6 9. Bb2 Bb7 10. O-O Rc8 11. Rfe1 Re8 12. Rad1 Qe7 13. e4 dxe4 14. Nxe4 Nxe4
15. Qxe4 Nf6 16. Qb1 c5 17. d5 exd5 18. cxd5 Qd8 19. Bd3 Rxe1+ 20. Rxe1 h6 21.
Bc4 Nxd5 22. Qf5 Nf6 23. Bd3 Kf8 24. Bxf6 Qxf6 25. Qh7 g6 26. Qxh6+ Qg7 27. Qh3
Rb8 28. Qd7 Qf6 29. Be4 Bxe4 30. Rxe4 Qa1+ 31. Re1 Qf6 32. Qxa7 1/2-1/2

[Event "Pere Noel"]
[Site "Montreal CAN"]
[Date "2014.12.28"]
[Round "3"]
[White "Dumouchel, Alain"]
[Black "Leblanc-Legault, Mathieu"]
[Result "1-0"]
[WhiteElo "1903"]
[BlackElo "1590"]
[PlyCount "130"]
[EventDate "2014.12.26"]
[EventType "swiss"]
[EventRounds "5"]
[EventCountry "CAN"]

1. e4 c6 2. d4 d5 3. exd5 cxd5 4. Bd3 Nc6 5. c3 Nf6 6. Bf4 Bg4 7. Qb3 Qd7 8.
Nd2 e6 9. h3 Bh5 10. Ngf3 Na5 11. Qc2 Bd6 12. Ne5 Qc7 13. O-O Nc6 14. Rae1 Nd7
15. g4 Bxe5 16. dxe5 Bg6 17. Nf3 Rc8 18. Qd1 a6 19. Bg3 Qb6 20. b3 Bxd3 21.
Qxd3 Nc5 22. Qe3 Qa7 23. Nd2 O-O 24. Kg2 Rfd8 25. f4 Nd7 26. Qf3 b5 27. f5 Qc7
28. fxe6 fxe6 29. Qf7+ Kh8 30. Qxe6 Re8 31. Qxd5 Ndxe5 32. Nf3 Rcd8 33. Qc5 Qb7
34. Bxe5 Nxe5 35. Rxe5 Rxe5 36. Qxe5 Qf7 37. Nd4 Qb7+ 38. Kg3 Qc8 39. Rf3 Re8
40. Qf4 h6 41. h4 Qd7 42. h5 Qe7 43. Qd2 Qd6+ 44. Kh3 Qd5 45. Qf2 Kh7 46. Qc2+
Kh8 47. Qf5 Qb7 48. Qf7 Qe4 49. Qf4 Qe1 50. Qg3 Qh1+ 51. Qh2 Qe1 52. Qf2 Qh1+
53. Kg3 Qd1 54. Rf8+ Rxf8 55. Qxf8+ Kh7 56. Qf2 Qd3+ 57. Qf3 Qd2 58. Qe4+ Kh8
59. c4 bxc4 60. bxc4 Qxa2 61. Nf3 Qa3 62. Qe5 a5 63. c5 Qa4 64. Qd6 Qe8 65. c6
g5 1-0

[Event "Pere Noel"]
[Site "Montreal CAN"]
[Date "2014.12.28"]
[Round "3"]
[White "Gachet, Sebastien"]
[Black "Sambuev, Bator"]
[Result "1/2-1/2"]
[WhiteElo "2293"]
[BlackElo "2572"]
[PlyCount "117"]
[EventDate "2014.12.26"]
[EventType "swiss"]
[EventRounds "5"]
[EventCountry "CAN"]

1. e4 d6 2. d4 g6 3. Nc3 Bg7 4. Nf3 a6 5. a4 e6 6. Bg5 Ne7 7. Qd2 h6 8. Be3 Nd7
9. Be2 b6 10. O-O Bb7 11. Rad1 c6 12. Bf4 Qc7 13. Rfe1 Rd8 14. Bf1 e5 15. Be3
b5 16. dxe5 Nxe5 17. Nxe5 dxe5 18. Qxd8+ Qxd8 19. Rxd8+ Kxd8 20. Bb6+ Kc8 21.
Rd1 Re8 22. g3 Kb8 23. Bc5 Nc8 24. Rd7 Bf8 25. Bxf8 Rxf8 26. a5 c5 27. Nd5 f5
28. c4 bxc4 29. Bxc4 fxe4 30. b3 g5 31. Nc7 Rf6 32. Ne6 Na7 33. Nxc5 Bc8 34.
Rg7 Rd6 35. Nxe4 Rd1+ 36. Kg2 Nc6 37. Nc5 Nxa5 38. Nxa6+ Bxa6 39. Bxa6 Rd6 40.
Bc4 Nc6 41. Rh7 Kc8 42. Kf3 Rf6+ 43. Ke3 Nd4 44. Ke4 Rxf2 45. Kxe5 Nf3+ 46. Kd6
Nxh2 47. Rxh6 Kb7 48. Kc5 Ng4 49. Rh7+ Kb8 50. Rg7 Rf5+ 51. Kd6 Ne3 52. Be6 Ra5
53. Ke7 Ra7+ 54. Kf6 Rxg7 55. Kxg7 g4 56. Kf6 Nf1 57. Bxg4 Nxg3 58. Ke5 Kc7 59.
Kf4 1/2-1/2

[Event "Pere Noel"]
[Site "Montreal CAN"]
[Date "2014.12.28"]
[Round "3"]
[White "Goldner, John"]
[Black "Destree, Frederic"]
[Result "1/2-1/2"]
[WhiteElo "1782"]
[BlackElo "1879"]
[PlyCount "102"]
[EventDate "2014.12.26"]
[EventType "swiss"]
[EventRounds "5"]
[EventCountry "CAN"]

1. e4 c5 2. Nf3 g6 3. d4 cxd4 4. Nxd4 Nc6 5. Nc3 Bg7 6. Be3 Nf6 7. Be2 O-O 8.
O-O d6 9. Nb3 Be6 10. f4 Qc8 11. h3 Rd8 12. Qe1 d5 13. e5 d4 14. exf6 Bxf6 15.
Bd2 dxc3 16. Bxc3 Nd4 17. Nxd4 Bxd4+ 18. Bxd4 Rxd4 19. Bd3 Qc5 20. Qf2 Rad8 21.
c3 R4d5 22. Be4 Qxf2+ 23. Rxf2 Rd2 24. b3 b6 25. Raf1 a5 26. c4 a4 27. Bc6 a3
28. Re1 Rxf2 29. Kxf2 Rd2+ 30. Re2 Rxe2+ 31. Kxe2 Bf5 32. b4 Bb1 33. c5 Bxa2
34. cxb6 Bc4+ 35. Kd2 a2 36. b7 a1=Q 37. b8=Q+ Kg7 38. Qe5+ Qxe5 39. fxe5 f6
40. Kc3 Bf1 41. Kd4 Kf7 42. b5 Ke6 43. b6 fxe5+ 44. Kc5 Ba6 45. b7 Bxb7 46.
Bxb7 Kf5 47. Kc4 Kf4 48. Kd3 g5 49. Bf3 h6 50. Bd5 h5 51. Bf3 g4 1/2-1/2

[Event "Pere Noel"]
[Site "Montreal CAN"]
[Date "2014.12.28"]
[Round "3"]
[White "Gunapalan, David"]
[Black "Clyde, Jordan"]
[Result "0-1"]
[WhiteElo "1887"]
[BlackElo "2130"]
[PlyCount "66"]
[EventDate "2014.12.26"]
[EventType "swiss"]
[EventRounds "5"]
[EventCountry "CAN"]

1. e4 Nf6 2. Nc3 e5 3. f4 d5 4. fxe5 Nxe4 5. d3 Nxc3 6. bxc3 d4 7. Nf3 c5 8.
Bb2 Nc6 9. Be2 Be7 10. O-O Be6 11. cxd4 cxd4 12. c3 Qb6 13. Bc1 dxc3+ 14. Kh1
O-O 15. Qc2 Nd4 16. Nxd4 Qxd4 17. Bf4 Ba3 18. Bg3 Bb2 19. Rf4 Qb6 20. Raf1 Bxa2
21. d4 Qb3 22. Qf5 Qe6 23. Qe4 Bc4 24. Rh4 h6 25. Rf6 Bd5 26. Qd3 c2 27. Qxc2
Rac8 28. Qxb2 gxf6 29. Qd2 fxe5 30. Rxh6 Qf5 31. dxe5 f6 32. Bd3 Be4 33. Qe3
Bxd3 0-1

[Event "Pere Noel"]
[Site "Montreal CAN"]
[Date "2014.12.28"]
[Round "3"]
[White "Heredia, Jose"]
[Black "Zhu, Hong Rui"]
[Result "0-1"]
[WhiteElo "1943"]
[BlackElo "2174"]
[PlyCount "58"]
[EventDate "2014.12.26"]
[EventType "swiss"]
[EventRounds "5"]
[EventCountry "CAN"]

1. e4 c5 2. Nf3 d6 3. d4 cxd4 4. Nxd4 Nf6 5. Nc3 g6 6. Be3 Bg7 7. f3 Nc6 8. Qd2
O-O 9. Bc4 Bd7 10. O-O-O Rc8 11. Bb3 Nxd4 12. Bxd4 b5 13. Nd5 Nxd5 14. Bxg7
Kxg7 15. Qxd5 a5 16. Qd4+ Kg8 17. a4 bxa4 18. Bxa4 e5 19. Qxd6 Bxa4 20. Qxe5
Rxc2+ 21. Kb1 Rxb2+ 22. Qxb2 Bxd1 23. Ka1 a4 24. h4 Qd3 25. h5 a3 26. Qc1 Bb3
27. Qxa3 Qc3+ 28. Qb2 Ra8+ 29. Kb1 Qd3+ 0-1